|
|
|
|
| LEADER |
00000nab a2200000 a 4500 |
| 001 |
vtls000040500 |
| 003 |
SK-MaSNL |
| 005 |
20260303023643.0 |
| 008 |
111026c1979 xo 0 slo |
| 015 |
|
|
|a SNBRA19rr/mm-uuuuu
|
| 035 |
|
|
|a CL0050595
|
| 040 |
|
|
|a SNKBUCL
|b slo
|c SNKBUCL
|e AACR2
|
| 041 |
0 |
|
|a slo
|
| 044 |
|
|
|a xo
|c SK
|
| 080 |
|
|
|a 631.1
|2 1981
|
| 100 |
1 |
|
|a Hanzlík, Jánn
|4 aut
|9 1006685
|
| 245 |
1 |
0 |
|a Budovanie JRD v Nitrianskom kraji
|c Ján Hanzlík
|
| 300 |
|
|
|b Tb. 1.
|
| 650 |
0 |
7 |
|a družstvá roľnícke
|2 snkbucl
|9 881518
|
| 651 |
|
7 |
|a 5206
|2 snkbucl
|9 283253
|
| 655 |
|
7 |
|a články zo zborníkov
|2 snkbucl
|9 166140
|
| 773 |
0 |
|
|t Míľniky na družstevnej ceste. Tridsať rokov JRD
|d Bratislava : Pravda, 1979
|g S. 127-144
|
| 850 |
|
|
|a Slovenská národná knižnica v Martine
|a MTA001
|
| 852 |
|
|
|a SNK
|b KIS3GCP
|
| 958 |
|
7 |
|a RK
|
| 992 |
|
|
|a RZB
|
| 999 |
|
|
|c 1635713
|d 1637643
|